000 00160 a2200085 4500
041 _aspa
100 _aFANOR TELLEZ
245 _aEL PIE SOBRE EL CAMINO
942 _cBK
999 _c2464
_d2464